• 首页
  • 本馆介绍
  • 公告通知
  • 最新文献
  • 馆藏检索
  • 电子资源
  • 读者导购
  • 参考咨询
  • 我的图书馆
  • 登录
  • 详细信息显示
  • 放入我的书架
  • 预约/预借图书
  • 作者相关作品
  • 分类相关作品
  • 丛书相关作品
  • 出版社相关作品

书目信息

  • 表格格式
  • 工作单格式
  • 卡片格式
题名:
教育大视野
    
 
作者: 陈培瑞 著
分册:  
出版信息: 青岛   青岛海洋大学出版社  1999
页数: 429页
开本: 20cm
丛书名:
单 册:
中图分类: G521 , G4
科图分类:
主题词: 教育改革--研究--中国 , 教育
电子资源:
ISBN: 7-81067-026-3
000 00816nam0 2200253 450
001 1575421284
005 20151110120407.26
010    @a7-81067-026-3@dCNY21.50
100    @a20021005d1999 emky0chiy0110 ea
101 0  @achi
102    @aCN@b370000
105    @ay z 000yy
200 1  @a教育大视野@9jiao yu da shi ye@e教育改革难点热点问题透析@f陈培瑞著
210    @a青岛@c青岛海洋大学出版社@d1999
215    @a429页@d20cm
512 1  @a现代教育改革难点热点问题透析@9xian dai jiao yu gai ge nan dian re dian wen ti tou xi
517 1  @a教育改革难点热点问题透析@9jiao yu gai ge nan dian re dian wen ti tou xi
606 0  @a教育改革@x研究@y中国
606 0  @a教育
690    @aG521@v5
690    @aG4@v4
701  0 @a陈培瑞@9chen pei rui@f(1942~)@4著
801  0 @aCN@bTSSF@c20150203
905    @aZUCC@dG4@eJY405
    
    教育大视野:教育改革难点热点问题透析/陈培瑞著.-青岛:青岛海洋大学出版社,1999
    429页;20cm
    
    
    ISBN 7-81067-026-3:CNY21.50
    
●
相关链接 在E读中查询图书 在五车中查询图书 在当当中查询图书 在豆瓣中查询图书


正题名:教育大视野     索取号:G4/JY405         预约/预借

序号 登录号 条形码 馆藏地/架位号 状态 备注
1 7859673   278596734   学院路分馆/ [索取号:G4/JY405] 在馆    
2 7865276   278652762   学院路分馆/ [索取号:G4/JY405] 在馆    
唐山师范学院图书馆 欢迎您!
大连网信软件有限公司© 版权所有